|
|
|
|
| LEADER |
00000nab a2200000 a 4500 |
| 001 |
vtls000258175 |
| 003 |
SK-MaSNL |
| 005 |
20260304075240.0 |
| 008 |
250422c1986 xo 0 slo |
| 015 |
|
|
|a SNBRB19rr/mm-uuuuu
|
| 035 |
|
|
|a CL0268289
|
| 035 |
|
|
|a (urnnbn)urn:nbn:sk:snk:ar-004tlr
|
| 035 |
|
|
|a (uuid)21436284-e4a0-4c8f-bcca-4bcde7d05169
|
| 035 |
|
|
|a urn:nbn:sk:snk-ab7xsb
|
| 040 |
|
|
|a SNKBUCL
|b slo
|c SNKBUCL
|e AACR2
|
| 041 |
0 |
|
|a slo
|
| 044 |
|
|
|a xo
|c SK
|
| 080 |
|
|
|a 329.15(437.6):008:32
|2 1981
|
| 080 |
|
|
|a 008
|2 1981
|
| 080 |
|
|
|a 32
|2 1981
|
| 100 |
1 |
|
|a Peráčková, E.
|4 aut
|9 940250
|
| 245 |
1 |
0 |
|a Grešík,L.:Kultúrna politika KSS v období dobudovania základov socializmu (1956-1960)
|c E. Peráčková ; Ľ. Grešík
|
| 610 |
2 |
7 |
|a Komunistická strana Slovenska
|2 snkbucl
|9 30182
|
| 650 |
0 |
7 |
|a kultúrna politika
|2 snkbucl
|9 66926
|
| 655 |
|
7 |
|a články z novín a časopisov
|2 snkbucl
|9 267496
|
| 700 |
1 |
|
|a Grešík, Ľ.
|4 aut
|9 1310657
|
| 773 |
0 |
|
|t Historický časopis
|g Roč. 34, č. 2 (1986), s. 268-271
|
| 787 |
0 |
8 |
|i Rec.:
|a Grešík, Ľ.
|t Kultúrna politika KSS v období dobudovávania základov socializmu (1956-1960)
|d Bratislava : Pravda, 1984
|
| 850 |
|
|
|a Slovenská národná knižnica
|
| 852 |
|
|
|a Slovenská národná knižnica
|
| 954 |
|
|
|a odborná, vedecká literatúra pôvodná (slovenská)
|2 lita
|
| 958 |
|
|
|a article9
|
| 958 |
|
|
|a OND
|
| 958 |
|
|
|a RK
|
| 958 |
|
|
|a EUIPO
|
| 992 |
|
|
|a RBX
|
| 999 |
|
|
|c 2780413
|d 2782343
|